000 00944nam a2200229Ii 4500
003 JO-AjNU
008 230605s9999||||xx |||||||||||||| ||und||
017 _a1995/8/765
040 _aJO-AjNU
_bara
_erda
_cJO-AjNU
041 _aara
050 1 4 _aKMM49.S5888.2001
100 3 _aسوار، محمد وحيد الدين,
_eauthor
_924953
245 0 0 _aالاتجاهات العامة في القانون المدني الأردني : دراسة موازنة بالفقه الإسلامي والمدونات المدنية العربية
250 _aط2
264 3 1 _aعمان : مكتبة دار الثقافة ، 2001
300 _a388ص
_bيشتمل على ملاحق ومراجع ( 363 - 383 )ص
336 _atext
_btxt
_2rdacontent
337 _aunmediated
_bn
_2rdamedia
338 _avolume
_bnc
_2rdacarrier
490 0 _aالمكتبة القانونية (365)
650 4 _aالقانون المدني -- الأردن 
_924954
999 _aA9269
_c12837
_d12837